Statistics for Pictures by Letter - K

Click here to take the quiz!

General Stats

  • This quiz has been taken 19,175 times
  • The average score is 13 of 16

Answer Stats

Answer% Correct
Kiwi
99%
Kilt
95%
Kidney
86%
Kayak
85%
Kimono
85%
KISS
85%
Kale
82%
Keanu
81%
Komodo
80%
Kilimanjaro
78%
Koi
76%
Kazakhstan
74%
Khan
72%
Knocker
66%
Kaiser
61%
Kinder
51%

Score Distribution

Percentile by Number Answered

Percent of People with Each Score

Your Score History

You have not taken this quiz